The Peninsular War (Record no. 553357)

000 -LEADER
fixed length control field 00625cam a2200169Ka 4500
082 ## - DEWEY DECIMAL CLASSIFICATION NUMBER
Classification number 940.27
Author Mark AND
100 1# - MAIN ENTRY--PERSONAL NAME
Personal name Anderson, John Henry
9 (RLIN) 50608
245 14 - TITLE STATEMENT
Title The Peninsular War
Remainder of title March 1, 1811, to the close of the war in 1814 /
Statement of responsibility, etc. by J.H. Anderson.
260 ## - PUBLICATION, DISTRIBUTION, ETC.
Place of publication, distribution, etc. London :
Name of publisher, distributor, etc. Hugh Rees,
Date of publication, distribution, etc. 1906.
300 ## - PHYSICAL DESCRIPTION
Extent 115 p., [1] folded leaf of plates :
Other physical details map ;
Dimensions 22 cm.
500 ## - GENERAL NOTE
General note Addenda inserted between pages 112-113.
526 ## - STUDY PROGRAM INFORMATION NOTE
Program name 0
Interest level 0
Reading level 0
Title point value 940_270000000000000_AND
650 #0 - SUBJECT ADDED ENTRY--TOPICAL TERM
Topical term or geographic name entry element MCE
9 (RLIN) 379
650 #0 - SUBJECT ADDED ENTRY--TOPICAL TERM
Topical term or geographic name entry element Peninsular War, 1807-1814.
9 (RLIN) 49379
856 40 - ELECTRONIC LOCATION AND ACCESS
Uniform Resource Identifier <a href="http://catalog.hathitrust.org/api/volumes/oclc/11050627.html">http://catalog.hathitrust.org/api/volumes/oclc/11050627.html</a>
942 ## - ADDED ENTRY ELEMENTS (KOHA)
Source of classification or shelving scheme
Koha item type Book
Holdings
Withdrawn status Lost status Source of classification or shelving scheme Damaged status Not for loan Permanent Location Current Location Shelving location Date acquired Total Checkouts Full call number Barcode Date last seen Price effective from Koha item type
          Military College of Engineering (MCE) Military College of Engineering (MCE)   02/09/2015   940.27 AND MCE-ECP/43 02/09/2015 02/09/2015 Book
© 2023 Central Library, National University of Sciences and Technology. All Rights Reserved.